Helping a friend to become a reader. (Record no. 64330)
[ view plain ]
| 000 -LEADER | |
|---|---|
| fixed length control field | 00586nam a2200193 a 4500 |
| 005 - DATE AND TIME OF LATEST TRANSACTION | |
| control field | 20170619150201.0 |
| 008 - FIXED-LENGTH DATA ELEMENTS--GENERAL INFORMATION | |
| fixed length control field | 050804s1994 001 0 eng d |
| 020 ## - INTERNATIONAL STANDARD BOOK NUMBER | |
| International Standard Book Number | 0868923656 |
| 100 1# - MAIN ENTRY--PERSONAL NAME | |
| Personal name | Borneman, Barry. |
| 245 10 - TITLE STATEMENT | |
| Title | Helping a friend to become a reader. |
| 260 ## - PUBLICATION, DISTRIBUTION, ETC. (IMPRINT) | |
| Place of publication, distribution, etc | Darwin : |
| Name of publisher, distributor, etc | Summer Institute of Linguistics, |
| Date of publication, distribution, etc | 1994. |
| 300 ## - PHYSICAL DESCRIPTION | |
| Extent | 61 p. ; bibliography. |
| 500 ## - GENERAL NOTE | |
| General note | M-PB 9-1-2009 (Previous B# ) |
| 650 #0 - SUBJECT ADDED ENTRY--TOPICAL TERM | |
| Topical term or geographic name as entry element | LITERACY. |
| 650 #0 - SUBJECT ADDED ENTRY--TOPICAL TERM | |
| Topical term or geographic name as entry element | READING |
| General subdivision | PROGRAMMED INSTRUCTION. |
| 650 #0 - SUBJECT ADDED ENTRY--TOPICAL TERM | |
| Topical term or geographic name as entry element | LLU. |
| 942 ## - ADDED ENTRY ELEMENTS (KOHA) | |
| Classification part | 379.2 |
| Item part | B736 |
| Koha item type | Books |
| 942 ## - ADDED ENTRY ELEMENTS (KOHA) | |
| Classification part | 379.2 |
| Item part | B736 |
| Koha item type | Books |
No items available.
